00531nam a22001697a 4500003000900000008004100009040007100050082002000121100002000141245006600161260002700227300004500254650001300299650001300312650001500325700002100340AR-CdUCM190426b ||||| |||| 00| 0 spa d aMUNICIPALIDAD PROVINCIAL DEL CUSCOcBIBLIOTECA MUNICIPAL DEL CUSCO aEP / 808 /bP48 aPetersham, Maud aEl libro del hierro y del acero :bNarración para niños / aBarcelona :bJuventud, bIlustraciones, graficos, dibujosc20 cm. aCuentos  aHistoria aLiteratura aPetersham, Miska